Los órganos de la reproducción masculina.
Guardado en:
| Formato: | |
|---|---|
| Materias: | |
| Etiquetas: |
Agregar Etiqueta
Sin Etiquetas, Sea el primero en etiquetar este registro!
|
| LEADER | 00926ngm a22002535g 4500 | ||
|---|---|---|---|
| 001 | CEM.cems022955 | ||
| 008 | 130507b2010##################0###0#####d | ||
| 005 | 20241127172902.0 | ||
| 245 | 0 | 0 | |a Los órganos de la reproducción masculina. |
| 300 | |a 29'. | ||
| 500 | |a En soporte VHS, consultar en ventanilla. | ||
| 505 | 0 | |a Órganos reproductores en el hombre. Aparato reproductor masculino. Erección. Eyaculación. El espermatozoide camino al óvulo. La próstata. Prevención de enfermedades. | |
| 538 | |a Soporte: VHS - Norma: Pal N - Color: Si - Grabación DRD 2010 - Hitachi=2600 | ||
| 082 | 6 | 1 | |/ HOR |
| 653 | |a ANATOMIA | ||
| 653 | |a FISIOLOGIA | ||
| 653 | |a REPRODUCCION SEXUAL | ||
| 653 | |a ERECCION | ||
| 653 | |a EYACULACION | ||
| 653 | |a ESPERMATOZOIDE | ||
| 653 | |a PROSTATA | ||
| 653 | |a NIVEL PRIMARIO | ||
| 653 | |a NIVEL SECUNDARIO | ||
| 859 | |a CEMS |b BIB. CEMS - Depto. Recursos Didacticos |h 611 |i HOR |k DRD |p 1598.12 |t Ej.1 | ||
